Pays avec les plus grandes montagnes - Statistiques

Statistiques générales
  • Ce quiz a été pris 269 fois
  • Le résultat moyen est 16 sur 20
Statistiques - réponses
Hint Réponse % Correct
8848 m Chine/Népal
100%
5642 m Russie
96%
6190 m États-Unis
94%
8586 m Inde
94%
6893 m Chili
92%
8611 m Pakistan
91%
6768 m Pérou
89%
6960 m Argentine
88%
5959 m Canada
88%
7492 m Afghanistan
80%
6542 m Bolivie
80%
5775 m Colombie
79%
6267 m Équateur
78%
7010 m Kazakhstan
74%
7495 m Tadjikistan
73%
7570 m Bhoutan
67%
5675 m Mexique
67%
5892 m Tanzanie
65%
7439 m Kirghizistan
62%
5881 m Birmanie
52%
Aucun quiz correspondant
Distribution des résultats
% des personnes avec chaque résultat
Percentile par nombre de réponses
Votre historique - résultats
Vous n’avez pas pris ce quiz